| 000 | 00856cab a2200241 4500 | ||
|---|---|---|---|
| 001 | WB3145-19 | ||
| 008 | 090401t1995 xxu||||| |||| 00| 0 eng d | ||
| 035 | _a(Sirsi) u40705 | ||
| 041 | _aeng | ||
| 245 | _aUrban sprawl takes toll on country | ||
| 260 | _c1995 | ||
| 350 | _a0 | ||
| 490 |
_aIndependent _v1 December 1995, 3 |
||
| 490 |
_aTimes _v1 December 1995, 8(2) |
||
| 520 | _aAccording to research by the Council for the Protection of Rural England, there are only three areas which have been left free of urbanisation and industry, North devon, the Marches of Shropshire and Herefordshire and the Pennines. | ||
| 650 | _aBLIGHT | ||
| 650 | _aCOUNCIL FOR THE PROTECTION OF RURAL ENGLAND | ||
| 650 | _aENGLISH COUNTRYSIDE | ||
| 650 | _aURBANISATION | ||
| 690 | _aENVIRONMENTAL AND LAND CONSULTANCY | ||
| 942 | _n0 | ||
| 948 | _c04/03/1997 | ||
| 999 |
_c26087 _d26087 |
||